| 000 | 01279nam a2200313Ia 4500 | ||
|---|---|---|---|
| 001 | saladbook00newy | ||
| 003 | CaSfIA | ||
| 005 | 20210119080116.0 | ||
| 007 | cr|||| | ||
| 008 | 870811s1958 nyua 001 0 eng d | ||
| 010 | _a 71004016 | ||
| 040 |
_aIEP _cIEP _dCaSfIA |
||
| 035 | _a(OCoLC)16418891 | ||
| 050 | 4 |
_aTX807 _b.B4 1958 |
|
| 082 | 0 | 4 |
_a641.83 _bS |
| 245 | 0 | 0 |
_aSalad book. _h[electronic resource] |
| 260 |
_aNew York : _bMeredith, _cc1958. |
||
| 300 |
_a158 p. : _bill. (some col.) ; _c29 cm. |
||
| 500 | _aAt head of title: Better homes and gardens. | ||
| 500 | _aIncludes index. | ||
| 650 | 0 | _aSalads. | |
| 730 | 0 | _aBetter Homes and Gardens. | |
| 740 | 0 | 1 | _aBetter home and gardens salad book. |
| 856 | 4 | 1 |
_uhttp://www.archive.org/details/saladbook00newy _zFree eBook from the Internet Archive |
| 856 | 4 | 2 |
_uhttp://www.openlibrary.org/books/OL24218779M _zAdditional information and access via Open Library |
| 942 | _cEB | ||
| 506 | _fНеобхідна авторизація на https://archive.org/ (створення облікового запису безкоштовно) | ||
| 506 | _fНеобхідна авторизація на https://openlibrary.org/ (створення облікового запису безкоштовно) | ||
| 999 |
_c545404 _d545404 |
||